Les éléments de l'art arabe : Le trait des entrelacs.
Main Author:
Format: Book
Language: French
Published:
Paris :
Firmin-Didot et cie,
1879.
Subjects:
Tags: Add Tag
Call Number: ( R )NK1270 .B77 1879
| LEADER | 00815nam a2200229Ia 4500 | ||
|---|---|---|---|
| 003 | OSt | ||
| 005 | 20240730051206.0 | ||
| 008 | 890526s1879 fr f 000 0 fre d | ||
| 952 | |0 0 |1 0 |2 lcc |4 0 |7 1 |9 43948 |a ARCE |b ARCE |d 2022-11-24 |l 0 |o ( R )NK1270 .B77 1879 |p 1035665 |r 2022-11-24 00:00:00 |w 2022-11-24 |y BK | ||
| 999 | |c 50405 |d 50405 | ||
| 040 | |c ARCE Library | ||
| 050 | 4 | |a ( R )NK1270 .B77 1879 | |
| 100 | 1 | |a Bourgoin, Jules, |d 1838-1907. | |
| 245 | 1 | 4 | |a Les éléments de l'art arabe : |b Le trait des entrelacs. |
| 264 | 1 | |a Paris : |b Firmin-Didot et cie, |c 1879. | |
| 300 | |a 47, [1] p. : |b 100 pl. (10 col.) ; |c 31 cm. | ||
| 650 | 0 | |a Art, Arabic. | |
| 650 | 0 | |a Decoration and ornament, Arabic. | |
| 650 | 0 | |a Islamic decoration and ornament. | |
| 650 | 4 | |a Islamic decoration and ornament. | |
| 901 | |a reviewed | ||
| 942 | |2 lcc |c BK | ||
